Markus-evangelium

Guardat en:
Dades bibliogràfiques
Autor principal: Limbeck, Meinrad (autor)
Format: Llibre
Idioma:alemany
Publicat: Stuttgart Verlag Katholisches Bibelwerk 1984
Edició:1a. ed
Col·lecció:Stuttgarter Kleiner Kommentar. Neues Testament, 2
Matèries:
Etiquetes: Afegir etiqueta
Sense etiquetes, Sigues el primer a etiquetar aquest registre!

MARC

LEADER 00000cam a2200000 a 4500
001 UCE6936
003 CL-VaPUC
008 150514e19840000gw |||||||||||||||||ger|d
020 |a 3460153210 
082 0 4 |a 226.3  |b LIM  |2 21 
100 |a Limbeck, Meinrad  |e autor  |9 580285 
245 1 0 |a Markus-evangelium 
250 |a 1a. ed 
300 |a 222 p 
942 |c BK 
945 |d 20150514 13:01:00  |a arojas 
260 |a Stuttgart  |b Verlag Katholisches Bibelwerk  |c 1984 
650 0 |a Evangelio de San Marcos   |9 579650 
650 0 |a Nuevo testamento  |9 257604 
650 0 |a Biblia  |9 257603 
583 |a last modification  |c 20150514 13:01:00  |k Rodrigo Vera 
490 0 |a Stuttgarter Kleiner Kommentar. Neues Testament, 2 
999 |c 359107  |d 359105 
952 |0 0  |1 0  |3 erb  |4 0  |6 226_300000000000000_LIM_1984  |7 0  |8 A  |9 468137  |a BIBTEO  |b BIBTEO  |e Casale Rolle, Carlos Ignacio, -2014  |i 5173221  |o 226.3 LIM 1984  |p 5173221  |r 2025-01-17  |w 2019-11-23  |y BK  |z Catalogado en:20150514  |k ICR